[Event "Open International Graz"]
[Date "2026.02.16"]
[White "Silva, Pedro Gil Ferreira Da"]
[Black "Diermair, Andreas"]
[WhiteElo "2329"]
[BlackElo "2447"]
[Round "4.4.10"]
[Result "1/2-1/2"]

e4 {[%clk 1:30:48]} e5 {[%clk 1:30:51]} Nf3 {[%clk 1:31:14]} Nc6 {[%clk
1:31:18]} Bc4 {[%clk 1:31:33]} Nf6 {[%clk 1:30:37]} Ng5 {[%clk 1:31:16]} d5
{[%clk 1:31:01]} exd5 {[%clk 1:31:40]} Na5 {[%clk 1:31:11]} Bb5+ {[%clk
1:32:02]} c6 {[%clk 1:30:47]} dxc6 {[%clk 1:32:28]} bxc6 {[%clk 1:31:14]} Bd3
{[%clk 1:32:53]} Nd5 {[%clk 1:25:53]} Nf3 {[%clk 1:32:45]} Bd6 {[%clk 1:26:15]}
O-O {[%clk 1:33:05]} O-O {[%clk 1:26:38]} Re1 {[%clk 1:33:31]} Re8 {[%clk
1:17:47]} Nc3 {[%clk 1:32:38]} f5 {[%clk 1:17:37]} Bf1 {[%clk 1:32:58]} Rb8
{[%clk 1:10:17]} d3 {[%clk 1:28:35]} h6 {[%clk 1:04:16]} Bd2 {[%clk 1:18:17]}
Nf6 {[%clk 1:03:12]} Na4 {[%clk 1:03:57]} c5 {[%clk 1:02:15]} g3 {[%clk
0:50:32]} Nc6 {[%clk 0:53:42]} Be3 {[%clk 0:44:22]} Nd4 {[%clk 0:43:33]} c3
{[%clk 0:40:55]} Nxf3+ {[%clk 0:40:55]} Qxf3 {[%clk 0:40:57]} Qc7 {[%clk
0:34:19]} Bg2 {[%clk 0:28:12]} Bb7 {[%clk 0:32:15]} Qd1 {[%clk 0:26:07]} Bxg2
{[%clk 0:32:31]} Kxg2 {[%clk 0:26:35]} f4 {[%clk 0:31:31]} Bc1 {[%clk 0:25:40]}
c4 {[%clk 0:26:39]} b3 {[%clk 0:20:58]} cxd3 {[%clk 0:17:15]} Qxd3 {[%clk
0:21:13]} e4 {[%clk 0:16:33]} Qc4+ {[%clk 0:21:29]} Qxc4 {[%clk 0:16:19]} bxc4
{[%clk 0:21:57]} f3+ {[%clk 0:16:01]} Kg1 {[%clk 0:22:06]} Rbc8 {[%clk 0:13:10]}
c5 {[%clk 0:21:22]} Bxc5 {[%clk 0:12:05]} Nxc5 {[%clk 0:21:47]} Rxc5 {[%clk
0:12:32]} Be3 {[%clk 0:22:09]} Rxc3 {[%clk 0:11:16]}

[Variant "Standard"]
[Site "Europe Echecs"]

[Event "Open International Graz"]
[Date "2026.02.16"]
[White "Kushagra Mohan"]
[Black "Hasanov, Zaur"]
[WhiteElo "2432"]
[BlackElo "2329"]
[Round "4.4.11"]
[Result "1-0"]

e4 {[%clk 1:30:58]} e5 {[%clk 1:30:45]} Nf3 {[%clk 1:31:24]} Nc6 {[%clk
1:31:09]} Bb5 {[%clk 1:31:51]} a6 {[%clk 1:31:33]} Ba4 {[%clk 1:32:19]} Nge7
{[%clk 1:31:55]} c3 {[%clk 1:32:39]} Ng6 {[%clk 1:32:16]} d4 {[%clk 1:33:05]}
exd4 {[%clk 1:32:40]} h4 {[%clk 1:33:31]} d3 {[%clk 1:32:41]} h5 {[%clk
1:33:48]} Nge5 {[%clk 1:33:06]} Nxe5 {[%clk 1:34:14]} Nxe5 {[%clk 1:33:30]} f4
{[%clk 1:34:39]} b5 {[%clk 1:33:25]} Bb3 {[%clk 1:35:01]} Nc4 {[%clk 1:33:50]}
Qxd3 {[%clk 1:35:26]} Bb7 {[%clk 1:33:15]} Nd2 {[%clk 1:31:28]} Nb6 {[%clk
1:23:27]} Nf3 {[%clk 1:28:59]} c5 {[%clk 1:18:58]} Bc2 {[%clk 1:25:10]} Qc7
{[%clk 1:14:04]} b3 {[%clk 1:20:20]} O-O-O {[%clk 1:08:47]} O-O {[%clk 1:08:12]}
g6 {[%clk 1:01:17]} Be3 {[%clk 1:05:45]} Bg7 {[%clk 0:49:50]} a4 {[%clk
1:03:32]} Rhe8 {[%clk 0:48:22]} Ng5 {[%clk 0:53:51]} d5 {[%clk 0:39:24]} e5
{[%clk 0:50:15]} bxa4 {[%clk 0:32:54]} bxa4 {[%clk 0:49:38]} f6 {[%clk 0:32:57]}
Nxh7 {[%clk 0:44:40]} fxe5 {[%clk 0:32:24]} fxe5 {[%clk 0:44:47]} Bxe5 {[%clk
0:23:37]} hxg6 {[%clk 0:43:10]} Bxc3 {[%clk 0:21:08]} Qxc3 {[%clk 0:35:54]} d4
{[%clk 0:21:20]} Bxd4 {[%clk 0:35:51]} Rxd4 {[%clk 0:19:55]} Rae1 {[%clk
0:31:07]} Red8 {[%clk 0:16:22]} Rf7 {[%clk 0:29:32]} Qd6 {[%clk 0:13:33]} g7
{[%clk 0:24:38]} Rd2 {[%clk 0:09:34]} Bf5+ {[%clk 0:23:26]} Kb8 {[%clk 0:08:42]}
Bh3 {[%clk 0:23:24]} Qg6 {[%clk 0:04:07]} Qxd2 {[%clk 0:22:32]} Rxd2 {[%clk
0:04:07]} Rf8+ {[%clk 0:22:37]}

[Variant "Standard"]
[Site "Europe Echecs"]

[Event "Open International Graz"]
[Date "2026.02.16"]
[White "Gschnitzer, Adrian"]
[Black "Stamatiou, Rodolfos"]
[WhiteElo "2429"]
[BlackElo "2273"]
[Round "4.4.12"]
[Result "1-0"]

e4 {[%clk 1:30:57]} c5 {[%clk 1:30:43]} Nf3 {[%clk 1:31:19]} d6 {[%clk 1:30:49]}
Bb5+ {[%clk 1:31:41]} Nd7 {[%clk 1:31:06]} d4 {[%clk 1:31:47]} cxd4 {[%clk
1:30:50]} Nxd4 {[%clk 1:32:08]} Nf6 {[%clk 1:27:49]} O-O {[%clk 1:31:59]} a6
{[%clk 1:27:31]} Bd3 {[%clk 1:32:06]} g6 {[%clk 1:26:30]} c4 {[%clk 1:32:02]}
Bg7 {[%clk 1:25:49]} Nc3 {[%clk 1:32:04]} O-O {[%clk 1:25:35]} Be2 {[%clk
1:30:47]} Nc5 {[%clk 1:07:12]} f3 {[%clk 1:30:44]} e5 {[%clk 1:04:36]} Nc2
{[%clk 1:30:08]} Nh5 {[%clk 1:01:45]} Be3 {[%clk 1:27:50]} Ne6 {[%clk 0:58:54]}
g3 {[%clk 1:12:23]} f5 {[%clk 0:57:41]} Nd5 {[%clk 1:07:39]} Ng5 {[%clk
0:47:43]} Bb6 {[%clk 0:58:51]} Qd7 {[%clk 0:44:26]} exf5 {[%clk 0:57:11]} Qf7
{[%clk 0:39:26]} Nce3 {[%clk 0:52:42]} Bh6 {[%clk 0:28:29]} Ng4 {[%clk 0:48:02]}
Bg7 {[%clk 0:28:12]} f6 {[%clk 0:47:56]} Bxg4 {[%clk 0:27:00]} fxg7 {[%clk
0:47:29]} Nh3+ {[%clk 0:23:05]} Kg2 {[%clk 0:46:31]} Be6 {[%clk 0:23:26]}
gxf8=Q+ {[%clk 0:46:03]} Rxf8 {[%clk 0:23:50]} f4 {[%clk 0:43:44]} N5xf4+ {[%clk
0:20:28]} gxf4 {[%clk 0:43:01]} exf4 {[%clk 0:20:53]} Bf3 {[%clk 0:39:39]}

[Variant "Standard"]
[Site "Europe Echecs"]

[Event "Open International Graz"]
[Date "2026.02.16"]
[White "Sowinski, Pawel"]
[Black "Dyachuk, Artem"]
[WhiteElo "2413"]
[BlackElo "2310"]
[Round "4.4.13"]
[Result "1-0"]

d4 {[%clk 1:30:58]} Nf6 {[%clk 1:28:01]} c4 {[%clk 1:31:19]} e6 {[%clk 1:28:29]}
Nc3 {[%clk 1:31:44]} Bb4 {[%clk 1:28:56]} e3 {[%clk 1:32:09]} O-O {[%clk
1:29:23]} Bd3 {[%clk 1:32:34]} d5 {[%clk 1:29:45]} a3 {[%clk 1:31:45]} Bxc3+
{[%clk 1:30:09]} bxc3 {[%clk 1:32:11]} dxc4 {[%clk 1:30:35]} Bxc4 {[%clk
1:32:33]} c5 {[%clk 1:31:03]} Bd3 {[%clk 1:32:41]} Qc7 {[%clk 1:28:57]} Bb2
{[%clk 1:33:00]} b6 {[%clk 1:16:30]} Qe2 {[%clk 1:28:50]} Bb7 {[%clk 1:03:55]}
e4 {[%clk 1:27:43]} c4 {[%clk 0:52:12]} Bc2 {[%clk 1:25:43]} Nbd7 {[%clk
0:49:19]} Nf3 {[%clk 1:22:17]} e5 {[%clk 0:49:32]} O-O {[%clk 1:13:50]} Rfe8
{[%clk 0:49:28]} d5 {[%clk 1:03:44]} Nc5 {[%clk 0:44:55]} a4 {[%clk 1:01:26]}
Nh5 {[%clk 0:34:43]} g3 {[%clk 0:58:55]} g6 {[%clk 0:30:49]} Ba3 {[%clk
0:58:29]} Ba6 {[%clk 0:30:00]} Qe3 {[%clk 0:55:38]} Nb3 {[%clk 0:26:06]} Ra2
{[%clk 0:51:30]} Qd7 {[%clk 0:26:30]} Rb1 {[%clk 0:45:38]} Rac8 {[%clk 0:11:18]}
Bb4 {[%clk 0:42:48]} Nf4 {[%clk 0:09:37]} gxf4 {[%clk 0:40:19]} Qg4+ {[%clk
0:10:04]} Kf1 {[%clk 0:30:26]} exf4 {[%clk 0:10:27]} Qe2 {[%clk 0:30:51]} Qh3+
{[%clk 0:10:52]} Ke1 {[%clk 0:30:39]} Qg2 {[%clk 0:11:08]} Nd2 {[%clk 0:25:10]}
Bb7 {[%clk 0:07:45]} Qf3 {[%clk 0:18:55]} Qxf3 {[%clk 0:05:46]} Nxf3 {[%clk
0:18:17]} Bxd5 {[%clk 0:05:23]} Kf1 {[%clk 0:14:47]} Bxe4 {[%clk 0:05:36]} Bxe4
{[%clk 0:15:10]} Rxe4 {[%clk 0:06:00]} Nd2 {[%clk 0:15:30]} Nxd2+ {[%clk
0:06:12]} Rxd2 {[%clk 0:15:53]} f3 {[%clk 0:01:42]} Re1 {[%clk 0:14:31]} Rce8
{[%clk 0:01:23]} Re3 {[%clk 0:08:39]} Rxe3 {[%clk 0:01:31]} fxe3 {[%clk
0:09:04]} Rxe3 {[%clk 0:01:09]} Kf2 {[%clk 0:09:31]} Re6 {[%clk 0:00:35]} Kxf3
{[%clk 0:09:44]} h5 {[%clk 0:00:31]} Rd7 {[%clk 0:09:13]} a5 {[%clk 0:00:34]}
Be7 {[%clk 0:08:18]} Re1 {[%clk 0:13:37]} Rc7 {[%clk 0:21:56]} f6 {[%clk
0:08:13]} h4 {[%clk 0:18:20]} Rf1+ {[%clk 0:04:21]} Ke4 {[%clk 0:16:08]} Ra1
{[%clk 0:02:26]} Bxf6 {[%clk 0:15:59]} Rxa4 {[%clk 0:01:57]}

[Variant "Standard"]
[Site "Europe Echecs"]

[Event "Open International Graz"]
[Date "2026.02.16"]
[White "Perossa, Nicolas"]
[Black "Radzimski, Antoni"]
[WhiteElo "2309"]
[BlackElo "2400"]
[Round "4.4.14"]
[Result "0-1"]

e4 {[%clk 1:30:48]} c6 {[%clk 1:30:21]} d4 {[%clk 1:31:10]} d5 {[%clk 1:30:44]}
e5 {[%clk 1:31:35]} Bf5 {[%clk 1:31:10]} Nd2 {[%clk 1:31:34]} e6 {[%clk
1:30:18]} Nb3 {[%clk 1:31:57]} Ne7 {[%clk 1:29:06]} Nf3 {[%clk 1:31:23]} Nd7
{[%clk 1:28:02]} c3 {[%clk 1:23:26]} Bg6 {[%clk 1:25:43]} Be2 {[%clk 0:59:10]}
Nf5 {[%clk 1:23:11]} O-O {[%clk 0:57:20]} h5 {[%clk 1:20:20]} Ne1 {[%clk
0:49:47]} h4 {[%clk 1:16:36]} Nd3 {[%clk 0:48:49]} Be7 {[%clk 1:14:52]} Nf4
{[%clk 0:40:25]} Bh7 {[%clk 1:13:30]} a4 {[%clk 0:35:40]} a5 {[%clk 1:10:12]}
Bd2 {[%clk 0:31:35]} O-O {[%clk 1:06:38]} c4 {[%clk 0:29:26]} dxc4 {[%clk
0:54:13]} Bxc4 {[%clk 0:29:53]} Nb6 {[%clk 0:47:28]} Bxa5 {[%clk 0:23:29]} Rxa5
{[%clk 0:36:30]} Nxa5 {[%clk 0:23:56]} Qa8 {[%clk 0:35:28]} Qd2 {[%clk 0:13:08]}
Bg5 {[%clk 0:34:23]} g3 {[%clk 0:07:07]} Rd8 {[%clk 0:31:14]} Qb4 {[%clk
0:05:43]} hxg3 {[%clk 0:31:35]} fxg3 {[%clk 0:02:51]} Qa7 {[%clk 0:31:46]} Nxe6
{[%clk 0:00:34]} Nxc4 {[%clk 0:30:06]} Qxc4 {[%clk 0:00:41]} fxe6 {[%clk
0:30:02]} Qxe6+ {[%clk 0:01:05]} Kh8 {[%clk 0:30:27]} Rxf5 {[%clk 0:01:09]}
Qxd4+ {[%clk 0:30:42]} Rf2 {[%clk 0:01:00]} Rf8 {[%clk 0:31:03]} Rf1 {[%clk
0:00:56]} Be3 {[%clk 0:31:30]} Kg2 {[%clk 0:01:10]} Bxf2 {[%clk 0:31:53]}

[Variant "Standard"]
[Site "Europe Echecs"]

[Event "Open International Graz"]
[Date "2026.02.16"]
[White "Mattenberger, Matthias"]
[Black "Suder, Jakub"]
[WhiteElo "2302"]
[BlackElo "2400"]
[Round "4.4.15"]
[Result "0-1"]

e4 {[%clk 1:30:49]} c5 {[%clk 1:27:29]} c3 {[%clk 1:31:04]} g6 {[%clk 1:25:42]}
d4 {[%clk 1:31:12]} cxd4 {[%clk 1:26:06]} cxd4 {[%clk 1:31:37]} d5 {[%clk
1:26:32]} e5 {[%clk 1:31:50]} Bg7 {[%clk 1:25:18]} h3 {[%clk 1:31:04]} f6 {[%clk
1:22:07]} Nf3 {[%clk 1:30:33]} Nd7 {[%clk 1:13:54]} Bb5 {[%clk 1:14:38]} a6
{[%clk 1:07:39]} Bxd7+ {[%clk 1:14:41]} Bxd7 {[%clk 1:07:52]} O-O {[%clk
1:14:32]} fxe5 {[%clk 1:01:42]} dxe5 {[%clk 1:12:41]} e6 {[%clk 1:01:29]} Bg5
{[%clk 1:08:48]} Ne7 {[%clk 0:57:32]} Qd2 {[%clk 1:02:59]} O-O {[%clk 0:50:32]}
Re1 {[%clk 0:56:03]} Qe8 {[%clk 0:49:30]} Nc3 {[%clk 0:41:21]} Nc6 {[%clk
0:42:40]} Bf6 {[%clk 0:27:37]} Bxf6 {[%clk 0:35:14]} exf6 {[%clk 0:28:03]} Qf7
{[%clk 0:35:02]} Qh6 {[%clk 0:27:36]} Qxf6 {[%clk 0:33:19]} Ng5 {[%clk 0:27:44]}
Qg7 {[%clk 0:32:58]} Qxg7+ {[%clk 0:27:33]} Kxg7 {[%clk 0:33:23]} Na4 {[%clk
0:20:21]} Rf5 {[%clk 0:27:39]} Nxe6+ {[%clk 0:18:40]} Bxe6 {[%clk 0:27:13]} Rxe6
{[%clk 0:19:05]} d4 {[%clk 0:26:14]} b3 {[%clk 0:16:43]} Rd8 {[%clk 0:24:52]}
Rd1 {[%clk 0:13:37]} Kf7 {[%clk 0:19:57]} Re4 {[%clk 0:13:20]} b5 {[%clk
0:17:47]} Nb2 {[%clk 0:13:05]} Rc5 {[%clk 0:17:49]} Re2 {[%clk 0:11:16]} Nb4
{[%clk 0:15:30]} Nd3 {[%clk 0:09:58]} Nxd3 {[%clk 0:15:31]} Rxd3 {[%clk
0:10:25]} Rc1+ {[%clk 0:15:43]} Kh2 {[%clk 0:10:49]} Rc3 {[%clk 0:15:08]} Red2
{[%clk 0:07:58]} Rxd3 {[%clk 0:15:27]} Rxd3 {[%clk 0:08:25]} Ke6 {[%clk
0:15:44]} Kg3 {[%clk 0:06:04]} Kd5 {[%clk 0:14:32]} f3 {[%clk 0:05:47]} Rc8
{[%clk 0:12:33]} Rd2 {[%clk 0:05:59]} a5 {[%clk 0:12:11]} Kf2 {[%clk 0:04:37]}
a4 {[%clk 0:11:05]} Ke2 {[%clk 0:04:36]} Re8+ {[%clk 0:08:39]} Kd1 {[%clk
0:04:08]} axb3 {[%clk 0:06:43]} axb3 {[%clk 0:04:34]} Re3 {[%clk 0:06:58]} Rb2
{[%clk 0:14:44]} d3 {[%clk 0:21:51]} Ra2 {[%clk 0:14:53]} Kd4 {[%clk 0:21:21]}
Ra7 {[%clk 0:14:01]} Re2 {[%clk 0:20:58]} Rb7 {[%clk 0:10:14]} Rxg2 {[%clk
0:16:21]} Rxb5 {[%clk 0:10:37]} Ke3 {[%clk 0:11:22]} Re5+ {[%clk 0:10:48]} Kxf3
{[%clk 0:11:46]} Re7 {[%clk 0:10:26]} h5 {[%clk 0:11:54]} h4 {[%clk 0:09:55]}
Rh2 {[%clk 0:08:18]} Re6 {[%clk 0:09:44]} Rxh4 {[%clk 0:07:57]} Rxg6 {[%clk
0:10:11]} Rb4 {[%clk 0:06:32]} Rh6 {[%clk 0:09:58]} Kg4 {[%clk 0:06:42]} Rg6+
{[%clk 0:06:25]} Kh3 {[%clk 0:06:47]} Kd2 {[%clk 0:06:36]} Rxb3 {[%clk 0:07:11]}
Ke3 {[%clk 0:06:58]} h4 {[%clk 0:07:17]} Rf6 {[%clk 0:03:55]} Kg2 {[%clk
0:06:11]} Rf2+ {[%clk 0:03:25]} Kg3 {[%clk 0:06:31]} Rf3+ {[%clk 0:03:52]} Kg4
{[%clk 0:06:47]} Rf4+ {[%clk 0:03:35]} Kg5 {[%clk 0:07:09]} Rf8 {[%clk 0:02:28]}
h3 {[%clk 0:05:56]} Rg8+ {[%clk 0:02:03]} Kh4 {[%clk 0:05:41]} Kf4 {[%clk
0:02:01]} Rb4+ {[%clk 0:06:03]} Kf3 {[%clk 0:02:21]} Rd4 {[%clk 0:05:55]} Rg1
{[%clk 0:00:57]} d2 {[%clk 0:05:43]} Rd1 {[%clk 0:01:18]} Rd8 {[%clk 0:05:48]}
Ke3 {[%clk 0:00:52]} Kg3 {[%clk 0:05:49]}

[Variant "Standard"]
[Site "Europe Echecs"]

[Event "Open International Graz"]
[Date "2026.02.16"]
[White "Borrmann, Laurenz"]
[Black "Mohylnyi, Stepan"]
[WhiteElo "2397"]
[BlackElo "2231"]
[Round "4.4.16"]
[Result "0-1"]

Nf3 {[%clk 1:30:55]} Nf6 {[%clk 1:30:46]} g3 {[%clk 1:31:19]} g6 {[%clk
1:31:12]} Bg2 {[%clk 1:31:44]} Bg7 {[%clk 1:31:39]} O-O {[%clk 1:32:07]} O-O
{[%clk 1:32:05]} c4 {[%clk 1:32:29]} c6 {[%clk 1:31:14]} d4 {[%clk 1:32:39]} d5
{[%clk 1:31:37]} h3 {[%clk 1:33:00]} dxc4 {[%clk 1:16:13]} Qc2 {[%clk 1:32:13]}
b5 {[%clk 1:15:00]} e4 {[%clk 1:32:38]} Bb7 {[%clk 1:14:13]} Rd1 {[%clk
1:32:50]} Na6 {[%clk 1:11:39]} a3 {[%clk 1:33:09]} e6 {[%clk 1:09:46]} Be3
{[%clk 1:27:27]} Qe7 {[%clk 1:09:33]} Nc3 {[%clk 1:25:42]} h6 {[%clk 1:04:55]}
Ne5 {[%clk 1:15:03]} Rfd8 {[%clk 0:55:58]} f4 {[%clk 1:00:38]} Rac8 {[%clk
0:51:15]} f5 {[%clk 0:43:00]} g5 {[%clk 0:43:35]} Nxf7 {[%clk 0:14:49]} Qxf7
{[%clk 0:39:44]} e5 {[%clk 0:15:19]} exf5 {[%clk 0:35:23]} exf6 {[%clk 0:15:43]}
Qxf6 {[%clk 0:35:48]} Rf1 {[%clk 0:15:37]} Rf8 {[%clk 0:35:19]} Rae1 {[%clk
0:14:09]} Rce8 {[%clk 0:33:53]} Nxb5 {[%clk 0:12:21]} cxb5 {[%clk 0:28:07]} Bxb7
{[%clk 0:12:49]} Rxe3 {[%clk 0:20:14]} Rxe3 {[%clk 0:13:03]} Qxd4 {[%clk
0:20:43]} Qf2 {[%clk 0:13:15]} Nc5 {[%clk 0:20:56]} Re7 {[%clk 0:13:10]} Qd6
{[%clk 0:21:00]} Qe1 {[%clk 0:13:15]} Bf6 {[%clk 0:20:21]} Re8 {[%clk 0:11:12]}
Nxb7 {[%clk 0:19:33]} Rxf5 {[%clk 0:11:34]} Nc5 {[%clk 0:18:25]} Rxf8+ {[%clk
0:10:39]} Kxf8 {[%clk 0:17:53]} Qf2 {[%clk 0:10:57]} Kg7 {[%clk 0:16:35]} Rxf6
{[%clk 0:10:53]} Qxf6 {[%clk 0:16:38]} Qxc5 {[%clk 0:11:19]} Qxb2 {[%clk
0:13:07]} Qe7+ {[%clk 0:10:53]} Kg6 {[%clk 0:13:20]} Qe6+ {[%clk 0:10:49]} Qf6
{[%clk 0:13:42]} Qe8+ {[%clk 0:11:10]} Kg7 {[%clk 0:13:39]} Qd7+ {[%clk
0:11:24]} Kf8 {[%clk 0:13:27]} Qc8+ {[%clk 0:11:32]} Ke7 {[%clk 0:13:13]} Qc7+
{[%clk 0:11:44]} Ke6 {[%clk 0:11:45]} Qc6+ {[%clk 0:12:04]} Ke5 {[%clk 0:11:55]}
Qxb5+ {[%clk 0:12:13]} Kd4 {[%clk 0:12:24]}

[Variant "Standard"]
[Site "Europe Echecs"]

[Event "Open International Graz"]
[Date "2026.02.16"]
[White "Skrbec, Leon"]
[Black "Jirasek, Pavel"]
[WhiteElo "2295"]
[BlackElo "2392"]
[Round "4.4.17"]
[Result "1/2-1/2"]

e4 {[%clk 1:28:17]} e5 {[%clk 1:30:41]} Nf3 {[%clk 1:28:12]} Nc6 {[%clk
1:31:06]} Bb5 {[%clk 1:28:34]} a6 {[%clk 1:31:26]} Ba4 {[%clk 1:28:56]} Nf6
{[%clk 1:31:49]} O-O {[%clk 1:29:19]} Be7 {[%clk 1:32:15]} Re1 {[%clk 1:29:31]}
b5 {[%clk 1:32:40]} Bb3 {[%clk 1:29:56]} O-O {[%clk 1:33:06]} c3 {[%clk
1:30:07]} d5 {[%clk 1:33:11]} exd5 {[%clk 1:22:41]} Nxd5 {[%clk 1:33:33]} d4
{[%clk 1:04:07]} exd4 {[%clk 1:31:41]} cxd4 {[%clk 1:04:30]} Bg4 {[%clk
1:29:05]} Nc3 {[%clk 1:03:59]} Nf6 {[%clk 1:29:04]} Be3 {[%clk 1:03:16]} Na5
{[%clk 1:29:23]} Bc2 {[%clk 1:00:14]} Nc4 {[%clk 1:29:48]} Rb1 {[%clk 1:00:18]}
Bb4 {[%clk 1:20:46]} Bg5 {[%clk 0:55:59]} Bxc3 {[%clk 1:17:38]} bxc3 {[%clk
0:56:23]} h6 {[%clk 1:17:48]} Bxf6 {[%clk 0:52:24]} Qxf6 {[%clk 1:18:00]} Be4
{[%clk 0:50:56]} Rad8 {[%clk 1:16:04]} h3 {[%clk 0:48:11]} Bh5 {[%clk 1:13:02]}
Qc1 {[%clk 0:43:42]} Bxf3 {[%clk 1:06:29]} Bxf3 {[%clk 0:44:03]} c5 {[%clk
1:06:54]} a4 {[%clk 0:35:54]} cxd4 {[%clk 1:04:39]} cxd4 {[%clk 0:35:44]} Rxd4
{[%clk 0:57:06]} axb5 {[%clk 0:32:51]} Nd2 {[%clk 0:56:36]} bxa6 {[%clk
0:33:05]} Nxf3+ {[%clk 0:55:22]} gxf3 {[%clk 0:33:28]} Qxa6 {[%clk 0:55:43]} Qc7
{[%clk 0:31:14]} Rc4 {[%clk 0:46:43]} Qg3 {[%clk 0:31:20]} Rc6 {[%clk 0:46:53]}
Kh2 {[%clk 0:30:05]} Rg6 {[%clk 0:46:53]} Qe5 {[%clk 0:28:42]} Rg5 {[%clk
0:43:40]} Qf4 {[%clk 0:28:04]} Qa2 {[%clk 0:42:21]} Rf1 {[%clk 0:27:03]} Kh7
{[%clk 0:40:23]} Ra1 {[%clk 0:25:17]} Qb3 {[%clk 0:36:06]} Rab1 {[%clk 0:22:17]}
Qa3 {[%clk 0:35:11]} Rg1 {[%clk 0:19:29]} Qa2 {[%clk 0:35:28]} Rbf1 {[%clk
0:19:36]} Rxg1 {[%clk 0:33:10]} Kxg1 {[%clk 0:19:59]} Re8 {[%clk 0:33:27]} Qf5+
{[%clk 0:20:17]} g6 {[%clk 0:29:35]} Qf6 {[%clk 0:20:02]} Qd5 {[%clk 0:28:23]}
Rc1 {[%clk 0:16:05]} Qd7 {[%clk 0:27:50]} Kg2 {[%clk 0:16:13]} Re6 {[%clk
0:27:04]} Qf4 {[%clk 0:16:36]} Rd6 {[%clk 0:26:02]} Rc5 {[%clk 0:15:54]} Qe7
{[%clk 0:23:10]} Re5 {[%clk 0:15:56]} Re6 {[%clk 0:23:24]} Rxe6 {[%clk 0:16:21]}
Qxe6 {[%clk 0:23:44]} Qd4 {[%clk 0:16:04]} Qf5 {[%clk 0:23:37]} Qc3 {[%clk
0:15:13]} Qg5+ {[%clk 0:23:25]} Kh2 {[%clk 0:15:37]} Qf4+ {[%clk 0:23:51]} Kg2
{[%clk 0:16:03]} h5 {[%clk 0:22:43]} Qc5 {[%clk 0:16:20]} Qf6 {[%clk 0:18:32]}
Qd5 {[%clk 0:16:14]} Kh6 {[%clk 0:18:49]} Qa8 {[%clk 0:16:25]} Qg5+ {[%clk
0:17:29]} Kh2 {[%clk 0:16:50]} Qf4+ {[%clk 0:17:21]}

[Variant "Standard"]
[Site "Europe Echecs"]

[Event "Open International Graz"]
[Date "2026.02.16"]
[White "Sherman, Raem"]
[Black "Nakonechnyi, Oleksii"]
[WhiteElo "2388"]
[BlackElo "2194"]
[Round "4.4.18"]
[Result "1/2-1/2"]

e4 {[%clk 1:30:17]} c5 {[%clk 1:30:51]} Nf3 {[%clk 1:30:01]} Nc6 {[%clk
1:31:08]} Bb5 {[%clk 1:30:21]} g6 {[%clk 1:31:25]} O-O {[%clk 1:30:31]} Bg7
{[%clk 1:31:36]} Nc3 {[%clk 1:30:48]} Nd4 {[%clk 1:19:14]} Nxd4 {[%clk 1:29:29]}
cxd4 {[%clk 1:19:07]} Ne2 {[%clk 1:29:15]} a6 {[%clk 1:15:36]} Ba4 {[%clk
1:21:56]} b5 {[%clk 1:12:13]} Bb3 {[%clk 1:22:19]} Bb7 {[%clk 1:12:04]} d3
{[%clk 1:22:41]} d5 {[%clk 1:10:53]} f3 {[%clk 1:14:16]} e6 {[%clk 1:10:08]} Qe1
{[%clk 1:14:22]} Ne7 {[%clk 1:07:22]} a4 {[%clk 1:07:15]} bxa4 {[%clk 1:03:25]}
Bxa4+ {[%clk 1:04:11]} Bc6 {[%clk 1:02:34]} Bb3 {[%clk 1:03:18]} a5 {[%clk
0:56:06]} Bg5 {[%clk 0:59:54]} a4 {[%clk 0:52:09]} Ba2 {[%clk 0:59:45]} Qd6
{[%clk 0:43:36]} Qf2 {[%clk 0:52:35]} dxe4 {[%clk 0:36:42]} fxe4 {[%clk
0:52:37]} O-O {[%clk 0:36:00]} Qh4 {[%clk 0:48:31]} Rae8 {[%clk 0:34:32]} Rf2
{[%clk 0:44:42]} f5 {[%clk 0:31:15]} Nf4 {[%clk 0:41:46]} Bd7 {[%clk 0:30:43]}
Re1 {[%clk 0:36:31]} Nc6 {[%clk 0:29:33]} Rfe2 {[%clk 0:33:02]} Ne5 {[%clk
0:27:50]} Qg3 {[%clk 0:26:21]} Qb8 {[%clk 0:22:10]} c3 {[%clk 0:19:18]} a3
{[%clk 0:20:39]} Kh1 {[%clk 0:17:32]} h6 {[%clk 0:18:24]} exf5 {[%clk 0:13:59]}
Rxf5 {[%clk 0:17:49]} Bh4 {[%clk 0:13:59]} g5 {[%clk 0:17:34]} Nh5 {[%clk
0:14:22]} Ng6 {[%clk 0:17:04]} Bxe6+ {[%clk 0:08:44]} Bxe6 {[%clk 0:17:26]} Rxe6
{[%clk 0:09:05]} Ne5 {[%clk 0:14:55]} Rxe8+ {[%clk 0:08:18]} Qxe8 {[%clk
0:15:24]} Nxg7 {[%clk 0:08:36]} Kxg7 {[%clk 0:15:52]} bxa3 {[%clk 0:08:00]} Qf7
{[%clk 0:14:54]} h3 {[%clk 0:07:11]} Ng6 {[%clk 0:14:21]} Qd6 {[%clk 0:06:46]}
Rd5 {[%clk 0:10:34]} Qb4 {[%clk 0:06:30]} gxh4 {[%clk 0:10:41]} cxd4 {[%clk
0:06:52]} Rf5 {[%clk 0:10:27]} a4 {[%clk 0:04:15]} Rf1+ {[%clk 0:09:00]} Rxf1
{[%clk 0:03:04]} Qxf1+ {[%clk 0:09:27]} Kh2 {[%clk 0:03:23]} Qf4+ {[%clk
0:08:16]} Kh1 {[%clk 0:03:37]} Qf1+ {[%clk 0:07:05]} Kh2 {[%clk 0:03:59]}

[Variant "Standard"]
[Site "Europe Echecs"]